Psicoanálisis de la familia /

Guardado en:
Autor Principal: Flugel, J. C.
Formato: Libro
Publicado: Argentina : Paidos, 1961
Etiquetas: Agregar Etiqueta
Sin Etiquetas, Sea el primero en etiquetar este registro!
LEADER 00689nam a22001575a 4500
001 CEM.cems002557
005 19000101000000.0
008 130507s1961##################000#0#####d
003 CEMS
082 0 4 |a 136.2 
100 1 |a Flugel, J. C. 
245 1 0 |a Psicoanálisis de la familia / 
260 |a Argentina :  |b Paidos,  |c 1961 
300 |a 307 p. 
505 0 |a Estructura de la familia y la conducta del nino, sociedad patriarcal y matrilineal; La sexualidad de los ninos salvajes y civilizados; El cuidado del nino en Samoa; Diferencias de clase social y de color en la crianza del nino; Efectos del ambiente social; Educacion del nino judio. 
859 |a CEMS  |b BIB. CEMS - 11 de abril  |h 136.2  |i F672  |p 478.73  |t Ej.1